Matrix differential calculus with applications in statistics and econometrics
Furkejuvvon:
| Váldodahkkit: | , |
|---|---|
| Materiálatiipa: | Girji |
| Giella: | eaŋgalasgiella |
| Almmustuhtton: |
Chichester
John Wiley
1988
|
| Ráidu: | Wiley series in probability and mathematical statistics
|
| Fáttát: | |
| Fáddágilkorat: |
Lasit fáddágilkoriid
Eai fáddágilkorat, Lasit vuosttaš fáddágilkora!
|
MARC
| LEADER | 00000nam a2200000 a 4500 | ||
|---|---|---|---|
| 001 | UCW1625 | ||
| 003 | CL-VaPUC | ||
| 008 | 920819e19880000UK |||||||||||||||||eng|d | ||
| 082 | 0 | 4 | |a 512.9434 |b MAG |2 21 |
| 100 | |a Magnus, Jan R. |e autor |9 577679 | ||
| 700 | 0 | |a Neudecker, Heinz |e author |9 305661 | |
| 245 | 1 | 0 | |a Matrix differential calculus with applications in statistics and econometrics |
| 300 | |a 393 p | ||
| 942 | |c BK | ||
| 945 | |d 19920819 00:00:00 | ||
| 260 | |a Chichester |b John Wiley |c 1988 | ||
| 650 | 0 | |a Matrices (Matemáticas) |9 269972 | |
| 650 | 0 | |a Cálculo diferencial |9 260102 | |
| 583 | |a last modification |c 19920819 00:00:00 |k Rodrigo Vera | ||
| 490 | 0 | |a Wiley series in probability and mathematical statistics | |
| 999 | |c 216491 |d 216489 | ||
| 952 | |0 0 |1 0 |4 0 |6 512_943400000000000_MAG_1988 |7 0 |8 A |9 202234 |a BIBMAT |b BIBMAT |d 2019-11-14 |i 2693631 |o 512.9434 MAG 1988 |p 2693631 |r 2025-01-07 |w 2019-11-14 |y BK |k MAT | ||